000 00303nam a2200109Ia 4500
005 20251222143148.0
008 251222s9999||||xx |||||||||||||| ||spa||
082 _a946.054/F36
100 _a"Taxonera, Luciano de"
245 0 _aFelipe V: Fundador de una dinastía y dos veces rey de España
942 _cLIB
999 _c12580
_d12580